00782nam a2200205 450000500170000001000150001702000260003203500140005803700130007208200200008510000310010524500950013625000100023126000540024127000810029530000210037694200260039799900190042395201340044220231130103929.0 aENG-138488 a9788178246710c395.00 aEN-122020 bDBAD/PUB a320.9542First  aChatterjee, Partha 959211 aNational Thought an\d the Colonial World:bA Derivative Discourse?/cBy Partha Chatterjee aFirst aRanikhet bMade Easy Publications cNovember 2023 aHimalayana, Mall Road, Ranikhet CanttbRanikhet e263645mperblack@gmail.com a181p.c21cm(pbk) 2ddccENh320.954mCHA c199293d199293 001040708NFICaVPbVPd2023-11-30eDBAD/PUBg395.00l0o320.954 CHApEN-122020r2023-11-30 00:00:00t1v395.00w2023-11-30yEN